00319nam a2200121Ia 4500008004100000020001800041041000800059082002600067100001900093245003600112260004000148300000900188230411s9999 xx 000 0 und d a81 7082 041 3 aeng aP/610.7362/SIN/B04486 aSingh Meharban aEssential Pediatrics for Nurses bSagar PublicationsaNew Delhic2004 a331p